000 00452nam a2200169Ia 4500
003 GCL
008 140319s9999 xx 000 0 eng d
040 _aGCL /
_cGCL
082 0 4 _a759
_bB H
100 1 _aBOLTON, LINDA
245 1 0 _aTHE HISTORY AND TECHNIQUES OF THE GREAT MASTERS DEGAS /
_cBOLTON, LINDA
260 _a[S.N] :
_bTIGER BOOKS INTERNATIONAL ،
_c1989
300 _a64
650 0 4 _aPAINTING
650 0 4 _aDECORATION
942 _2ddc
_cBK
999 _c17684
_d17684